000 00408 a2200157 4500
003 Nust
005 20170207171856.0
040 _cNust
082 _a005.1
100 _aAbbas, Zohair BESE-18
245 _aUni -Miner (Hard / Soft-copy)
_cZohair Abbas, Danish Iqbal Shaik, Aqeel Ahmed Shaikh
260 _aMCS, NUST
_bRawalpindi
_cJune 2016
300 _ax, 92 p
650 _aUG Projects
651 _aUG CSE Project
942 _cPRG
999 _c219400
_d219400